000 00346nam a2200169Ia 4500
100 _aSmiles/Samuel
650 _aPhilosophy
942 _cBK
366 _f25
654 _aself help
245 _aSelf Help
260 _bBetter Yourself Books
_aBandra
_c1987
082 _a170/SMI
_bSMI
300 _a136
546 _aENGLISH
999 _c28107
_d28107